[Event "5. ODEM U25 2008"]
[Site "Willingen GER"]
[Date "2008.05.12"]
[Round "3"]
[White "Bui, Ha Trang"]
[Black "Alt, Elisabeth"]
[Result "0-1"]
[Termination "normal"]
[Board "62"]
[WhiteElo "774"]
[BlackElo "1275"]
[PlyCount "90"]
[BlackFideId "24692620"]
[EventCountry "GER"]
[EventRounds "9"]
[EventType "swiss"]
[EventDate "2008.05.10"]

1. e4 d5 2. exd5 Nf6 3. Nc3 Nxd5 4. Nxd5 Qxd5 5. d3 e5 6. c4 Qa5+ 7. Bd2 Bb4 8.
Nf3 Bxd2+ 9. Qxd2 Qxd2+ 10. Nxd2 Nc6 11. Be2 O-O 12. O-O Bf5 13. Rad1 Rad8 14.
Ne4 Nd4 15. Rfe1 Bxe4 16. dxe4 Nxe2+ 17. Kf1 Nd4 18. Rd2 h6 19. Red1 c5 20. a3
Ne6 21. Rxd8 Rxd8 22. Re1 Rd2 23. b4 cxb4 24. axb4 Rb2 25. b5 Rc2 26. Ra1 Rxc4
27. Rxa7 Rxe4 28. Rxb7 Rb4 29. b6 Nc5 30. Rb8+ Kh7 31. Re8 e4 32. f3 exf3 33.
gxf3 Rxb6 34. Re5 Rb1+ 35. Ke2 Ne6 36. Kd2 Rb2+ 37. Kc3 Rxh2 38. Kd3 Rh3 39.
Ke4 Ng5+ 40. Kf4 Rxf3+ 41. Kg4 Rf1 42. Kg3 f6 43. Re3 f5 44. Kh4 Rg1 45. Re2
Rg4+ 0-1

[Event "5. ODEM U25 2008"]
[Site "Willingen GER"]
[Date "2008.05.12"]
[Round "3"]
[White "Nobis, Philipp"]
[Black "Reksten, Anne"]
[Result "1-0"]
[Termination "normal"]
[Board "63"]
[WhiteElo "1260"]
[BlackElo "807"]
[PlyCount "87"]
[WhiteFideId "24602183"]
[BlackFideId "24692778"]
[EventCountry "GER"]
[EventRounds "9"]
[EventType "swiss"]
[EventDate "2008.05.10"]

1. e4 c6 2. Nf3 d5 3. Nc3 dxe4 4. Nxe4 Bf5 5. Nc3 Nf6 6. d4 Nbd7 7. Bc4 b5 8.
Be2 Qc7 9. Be3 g6 10. O-O b4 11. Nb1 Be4 12. Qd2 Bxf3 13. Bxf3 c5 14. Bxa8 Ng4
15. Bf4 e5 16. dxe5 Ndxe5 17. Bxe5 Qxe5 18. Re1 Bg7 19. Rxe5+ Bxe5 20. Bc6+ Kf8
21. Qe2 Bxb2 22. Qxg4 Bxa1 23. Bd5 Kg7 24. Qf4 f6 25. Qc7+ Kh6 26. Qxc5 Re8 27.
h4 Be5 28. g4 Bf4 29. c3 f5 30. g5+ Bxg5 31. hxg5+ Kxg5 32. Nd2 Kg4 33. Bf3+
Kh3 34. Bg2+ Kg4 35. Qd4+ Kg5 36. Nf3+ Kh6 37. Qxb4 Rd8 38. Qe7 Rd1+ 39. Kh2
Rc1 40. Qf8+ Kh5 41. Bh3 Rc2 42. Kg2 Rxc3 43. Qg7 Rd3 44. Qxh7# 1-0

[Event "5. ODEM U25 2008"]
[Site "Willingen GER"]
[Date "2008.05.12"]
[Round "3"]
[White "Holle, Niklas"]
[Black "Kempe, Markus"]
[Result "0-1"]
[Termination "normal"]
[Board "64"]
[WhiteElo "700"]
[BlackElo "1243"]
[PlyCount "78"]
[BlackFideId "24692638"]
[EventCountry "GER"]
[EventRounds "9"]
[EventType "swiss"]
[EventDate "2008.05.10"]

1. e4 c5 2. Nf3 Nc6 3. Nc3 g6 4. Bc4 Bg7 5. O-O Nf6 6. d3 O-O 7. Bg5 d6 8. h3
a6 9. a4 Bd7 10. d4 cxd4 11. Nd5 Ne5 12. Nxe5 dxe5 13. Bd2 Nxe4 14. Bb4 Nd6 15.
Bc5 Nxc4 16. b3 Nd6 17. Nb6 Rb8 18. Nxd7 Qxd7 19. Ba7 Rbc8 20. Rc1 Rc6 21. c4
Ra8 22. Bxd4 exd4 23. c5 Rac8 24. b4 b6 25. b5 axb5 26. axb5 Rxc5 27. Ra1 Qxb5
28. Qe1 e6 29. Qd1 d3 30. Re1 Bxa1 31. Qxa1 d2 32. Rd1 Rc1 33. Rxc1 Rxc1+ 34.
Qxc1 dxc1=R+ 35. Kh2 Qe5+ 36. g3 Rc2 37. h4 Rxf2+ 38. Kh3 Qf5+ 39. g4 Qf3# 0-1

[Event "5. ODEM U25 2008"]
[Site "Willingen GER"]
[Date "2008.05.12"]
[Round "3"]
[White "Biefel, Christian"]
[Black "Kaphle, Christian"]
[Result "1-0"]
[Termination "normal"]
[Board "65"]
[WhiteElo "1239"]
[BlackElo "715"]
[PlyCount "99"]
[WhiteFideId "24692646"]
[EventCountry "GER"]
[EventRounds "9"]
[EventType "swiss"]
[EventDate "2008.05.10"]

1. c4 e5 2. Nc3 Nc6 3. g3 Bc5 4. Bg2 Nf6 5. d3 d6 6. Nf3 O-O 7. O-O Be6 8. a3
d5 9. cxd5 Bxd5 10. Bg5 Be6 11. Ne4 Be7 12. Bxf6 Bxf6 13. Qc2 Be7 14. Nc5 Rb8
15. Nxe6 fxe6 16. Rab1 a6 17. Nd2 Na7 18. Nc4 Bd6 19. Na5 b6 20. Nc6 Nxc6 21.
Bxc6 Bc5 22. b4 Bd6 23. Qb3 Qe7 24. Qc4 b5 25. Qb3 h6 26. Rbc1 Rf6 27. Be4 Rbf8
28. Qb2 Qf7 29. e3 Qe7 30. Rc6 R6f7 31. Rxa6 Rb8 32. Bc6 Qd8 33. Ra5 Rb6 34.
Bxb5 c6 35. Bc4 Qe7 36. Qb3 Rf6 37. Ra6 Rxa6 38. Bxa6 Qa7 39. Bc4 Rf8 40. Bxe6+
Kh8 41. a4 Rb8 42. b5 cxb5 43. axb5 Qb6 44. Rc1 Qxb5 45. Rc8+ Kh7 46. Bg8+ Kg6
47. Qe6+ Kg5 48. h4+ Kh5 49. Bf7+ g6 50. Bxg6# 1-0

[Event "5. ODEM U25 2008"]
[Site "Willingen GER"]
[Date "2008.05.13"]
[Round "4"]
[White "Gölz, Daniel"]
[Black "Figura, Atila Gajo"]
[Result "0-1"]
[Termination "normal"]
[Board "1"]
[BlackTitle "FM"]
[WhiteElo "2015"]
[BlackElo "2405"]
[PlyCount "72"]
[WhiteFideId "24626325"]
[BlackFideId "4688058"]
[EventCountry "GER"]
[EventRounds "9"]
[EventType "swiss"]
[EventDate "2008.05.10"]

1. e4 g6 2. Nc3 Bg7 3. g3 c5 4. Bg2 Nc6 5. d3 d6 6. Be3 e5 7. Qd2 Nge7 8. Bh6
O-O 9. h4 f6 10. Bxg7 Kxg7 11. h5 g5 12. h6+ Kh8 13. f4 gxf4 14. gxf4 Be6 15.
Bh3 Bf7 16. Qf2 Ng6 17. Nge2 Nd4 18. O-O-O Nxf4 19. Nxf4 exf4 20. Qxf4 b5 21.
Rh2 b4 22. Nd5 Bxd5 23. exd5 f5 24. Rg1 Qe7 25. Kd2 Rae8 26. Rf1 Ne2 27. Rxe2
Qxe2+ 28. Kc1 Qe3+ 29. Qxe3 Rxe3 30. Rxf5 Rxf5 31. Bxf5 Re5 32. Be6 Rh5 33. c3
bxc3 34. bxc3 Rxh6 35. Kb2 Kg7 36. Kb3 Rh4 0-1

[Event "5. ODEM U25 2008"]
[Site "Willingen GER"]
[Date "2008.05.13"]
[Round "4"]
[White "Siebarth, Raiko"]
[Black "Högy, Kevin"]
[Result "0-1"]
[Termination "normal"]
[Board "2"]
[WhiteElo "2284"]
[BlackElo "2058"]
[PlyCount "80"]
[WhiteFideId "4674766"]
[BlackFideId "24647098"]
[EventCountry "GER"]
[EventRounds "9"]
[EventType "swiss"]
[EventDate "2008.05.10"]

1. e4 g6 2. Nc3 Bg7 3. f4 c5 4. Nf3 e6 5. e5 d5 6. Nb5 Bf8 7. d4 a6 8. Nc3 Nc6
9. Ne2 Bd7 10. c3 h5 11. Be3 c4 12. h3 Nge7 13. Nh4 Nf5 14. Nxf5 exf5 15. g3
Be7 16. Bg2 Be6 17. b3 Na5 18. Rb1 O-O 19. Bf3 b5 20. b4 Nc6 21. a4 Qb6 22. a5
Qc7 23. Nc1 Kg7 24. g4 hxg4 25. hxg4 fxg4 26. Bxg4 Rh8 27. Rg1 Qd7 28. Qf3 Bxg4
29. Rxg4 Rh5 30. Ne2 Rah8 31. Ng3 Bh4 32. Rb2 Bxg3+ 33. Rxg3 Qf5 34. Bg1 Rh4
35. Rf2 Rh1 36. Qxd5 Rxg1+ 37. Rxg1 Qb1+ 38. Ke2 Qxg1 39. Qxc6 Rh1 40. Qd7 Qd1+
0-1

[Event "5. ODEM U25 2008"]
[Site "Willingen GER"]
[Date "2008.05.13"]
[Round "4"]
[White "Wurm, Alexander"]
[Black "Coenen, Michael"]
[Result "0-1"]
[Termination "normal"]
[Board "3"]
[WhiteElo "2068"]
[BlackElo "2174"]
[PlyCount "36"]
[WhiteFideId "24637246"]
[BlackFideId "4697367"]
[EventCountry "GER"]
[EventRounds "9"]
[EventType "swiss"]
[EventDate "2008.05.10"]

1. d4 Nf6 2. c4 g6 3. Nc3 Bg7 4. e4 d6 5. f3 O-O 6. Be3 e5 7. Nge2 Nc6 8. Qd2
Nd7 9. d5 Ne7 10. O-O-O f5 11. Kb1 Nf6 12. Nc1 fxe4 13. Nxe4 Nf5 14. Bg5 h6 15.
Nxf6+ Bxf6 16. Bxh6 Nxh6 17. Qxh6 Bf5+ 18. Bd3 Bg5 0-1

[Event "5. ODEM U25 2008"]
[Site "Willingen GER"]
[Date "2008.05.13"]
[Round "4"]
[White "Sieker, Roland"]
[Black "Billing, Christian"]
[Result "0-1"]
[Termination "normal"]
[Board "4"]
[WhiteElo "2047"]
[BlackElo "2155"]
[PlyCount "86"]
[WhiteFideId "24600261"]
[BlackFideId "4697294"]
[EventCountry "GER"]
[EventRounds "9"]
[EventType "swiss"]
[EventDate "2008.05.10"]

1. e4 e6 2. d4 d5 3. exd5 exd5 4. Bd3 Bd6 5. Ne2 Qh4 6. Nd2 Bg4 7. Nf1 Ne7 8.
Be3 Nbc6 9. c3 Bf5 10. Nfg3 Bxd3 11. Qxd3 O-O 12. Nf5 Nxf5 13. Qxf5 Ne7 14. Qf3
Rfe8 15. O-O-O c6 16. Bf4 Bxf4+ 17. Qxf4 Ng6 18. Qxh4 Nxh4 19. Nf4 Re4 20. g3
Rae8 21. Nxd5 cxd5 22. gxh4 Rxh4 23. Rde1 Kf8 24. Kd2 Rxe1 25. Kxe1 Ke7 26. f3
Rh6 27. Kf2 Kf6 28. Kg3 Rg6+ 29. Kf2 Ke7 30. Rd1 b5 31. a3 Kd7 32. Rd2 Rc6 33.
Ke3 a5 34. Kd3 Re6 35. Re2 Rxe2 36. Kxe2 a4 37. Kd2 g5 38. Kc2 h5 39. Kd3 Ke6
40. Ke3 Kf5 41. Kf2 Kf4 42. Kg2 Ke3 43. Kg3 f5 0-1

[Event "5. ODEM U25 2008"]
[Site "Willingen GER"]
[Date "2008.05.13"]
[Round "4"]
[White "Jahncke, Giso"]
[Black "Schäfer, Alexander"]
[Result "0-1"]
[Termination "normal"]
[Board "5"]
[WhiteElo "2031"]
[BlackElo "1957"]
[PlyCount "104"]
[WhiteFideId "24608289"]
[BlackFideId "24615196"]
[EventCountry "GER"]
[EventRounds "9"]
[EventType "swiss"]
[EventDate "2008.05.10"]

1. e4 c5 2. Nf3 Nc6 3. d4 cxd4 4. Nxd4 Nf6 5. Nc3 d6 6. Bc4 e6 7. Bb3 Be7 8.
Be3 a6 9. Qe2 Qc7 10. O-O-O b5 11. Nxc6 Qxc6 12. g4 Nxe4 13. Nd5 Nc5 14. Bxc5
Qxc5 15. Nxe7 Kxe7 16. f4 Bb7 17. Rhf1 Qb4 18. f5 Qe4 19. Qxe4 Bxe4 20. fxe6
fxe6 21. Rde1 d5 22. Rf2 Rhf8 23. Rd2 Rad8 24. c3 Rf4 25. h3 g5 26. Bc2 Bxc2
27. Kxc2 Kd6 28. Rde2 Re8 29. Re5 h6 30. R1e3 Rf2+ 31. Kb3 Re7 32. Ka3 a5 33.
h4 gxh4 34. Rh5 Kc5 35. Rxh6 b4+ 36. cxb4+ axb4+ 37. Kb3 e5 38. Rxh4 d4 39. Rg3
e4 40. Rh5+ Kd6 41. Rh6+ Ke5 42. Rg1 e3 43. Rh5+ Ke4 44. g5 e2 45. Rh4+ Kd3 46.
Rhh1 Kd2 47. Re1 d3 48. Kxb4 Re4+ 49. Kb3 Rg4 50. a4 Rxg5 51. Ka3 Rgf5 52. b4
Rf1 0-1

[Event "5. ODEM U25 2008"]
[Site "Willingen GER"]
[Date "2008.05.13"]
[Round "4"]
[White "Günnigmann, Manuel"]
[Black "Kyas, Marcel"]
[Result "1-0"]
[Termination "normal"]
[Board "6"]
[WhiteElo "2043"]
[BlackElo "1986"]
[PlyCount "103"]
[WhiteFideId "24640360"]
[BlackFideId "24642037"]
[EventCountry "GER"]
[EventRounds "9"]
[EventType "swiss"]
[EventDate "2008.05.10"]

1. e4 e5 2. Nf3 Nc6 3. Bb5 a6 4. Ba4 Nf6 5. O-O Be7 6. Re1 b5 7. Bb3 d6 8. c3
O-O 9. d4 Bg4 10. d5 Na5 11. Bc2 c6 12. h3 Bc8 13. dxc6 Qc7 14. Nbd2 Qxc6 15.
a4 Be6 16. Nf1 Rfb8 17. Ng5 b4 18. Nxe6 fxe6 19. Bd2 Nc4 20. cxb4 Nxd2 21. Qxd2
Qc4 22. b5 Nd7 23. b3 Qc7 24. bxa6 Nc5 25. b4 Nxa6 26. b5 Nc5 27. Reb1 Bd8 28.
Ne3 Bg5 29. Qe2 Bxe3 30. Qxe3 d5 31. exd5 exd5 32. Rc1 d4 33. Qe2 Qd6 34. Qc4+
Kh8 35. Bf5 Qf6 36. Qxc5 Qxf5 37. Re1 Re8 38. b6 Rac8 39. Qb5 Rf8 40. Ra2 Rc2
41. Rxc2 Qxc2 42. Rf1 e4 43. Qb4 Rd8 44. Qe7 Rg8 45. a5 Qc6 46. Qc7 Qb5 47. b7
e3 48. fxe3 dxe3 49. Qb6 Qe5 50. Re1 e2 51. Rxe2 Qa1+ 52. Kh2 1-0

[Event "5. ODEM U25 2008"]
[Site "Willingen GER"]
[Date "2008.05.13"]
[Round "4"]
[White "Schneider, Christian"]
[Black "Münch, Marlene"]
[Result "1-0"]
[Termination "normal"]
[Board "7"]
[WhiteElo "2097"]
[BlackElo "1674"]
[PlyCount "143"]
[WhiteFideId "24613886"]
[BlackFideId "24639222"]
[EventCountry "GER"]
[EventRounds "9"]
[EventType "swiss"]
[EventDate "2008.05.10"]

1. e4 e6 2. Qe2 b6 3. d3 Bb7 4. g3 d5 5. Bg2 Nf6 6. e5 Nfd7 7. Nf3 c5 8. O-O
Nc6 9. Re1 Be7 10. h4 Qc7 11. c3 Ba6 12. Nbd2 O-O-O 13. Nf1 h6 14. N1h2 Rdg8
15. Ng4 Nf8 16. a3 h5 17. Ngh2 f6 18. exf6 gxf6 19. Bh3 Nd8 20. c4 d4 21. b4
Bd6 22. bxc5 bxc5 23. Bg2 Qg7 24. Nd2 f5 25. Nhf3 Nf7 26. Nb3 e5 27. Bh3 Qf6
28. Qe4 Kc7 29. Qxf5 Qxf5 30. Bxf5 Bb7 31. Be4 Ne6 32. Kh1 Rg4 33. Bxb7 Kxb7
34. Rb1 Kc7 35. Na5 Nfd8 36. Ng5 Nxg5 37. Bxg5 Rf8 38. Bxd8+ Kxd8 39. Kg2 Rfg8
40. Nc6+ Kc7 41. Nxe5 Rxh4 42. Nf3 Rhg4 43. Rh1 Bxg3 44. fxg3 Rxg3+ 45. Kf2
Rg2+ 46. Kf1 R2g3 47. Ke2 Rg2+ 48. Kd1 Rf2 49. Ne1 Re8 50. Rxh5 Rf1 51. Rxc5+
Kd6 52. Rd5+ Kc6 53. Kc2 Rexe1 54. Rxe1 Rxe1 55. Rxd4 Re2+ 56. Kb3 Rd2 57. Rd5
Rd1 58. a4 Rb1+ 59. Kc3 Ra1 60. a5 Rc1+ 61. Kd4 Rd1 62. Rh5 Ra1 63. Rh6+ Kb7
64. a6+ Kc7 65. Kd5 Ra5+ 66. c5 Ra3 67. Rh7+ Kb8 68. d4 Rxa6 69. c6 Ra1 70. Kd6
a5 71. Rh8+ Ka7 72. c7 1-0

[Event "5. ODEM U25 2008"]
[Site "Willingen GER"]
[Date "2008.05.13"]
[Round "4"]
[White "Billing, Alexander"]
[Black "Weißbeck, Simon"]
[Result "1/2-1/2"]
[Termination "normal"]
[Board "8"]
[WhiteElo "1875"]
[BlackElo "1831"]
[PlyCount "44"]
[WhiteFideId "24624420"]
[BlackFideId "24646865"]
[EventCountry "GER"]
[EventRounds "9"]
[EventType "swiss"]
[EventDate "2008.05.10"]

1. e4 e6 2. d3 c5 3. g3 g6 4. Bg2 Bg7 5. Nc3 Nc6 6. Be3 d6 7. Qd2 Qb6 8. Nge2
Bd7 9. O-O Nge7 10. Nd1 O-O 11. Bh6 Nd4 12. Bxg7 Kxg7 13. c3 Nxe2+ 14. Qxe2 e5
15. Ne3 f5 16. exf5 Bxf5 17. Nxf5+ Nxf5 18. a4 Rae8 19. a5 Qb5 20. Bd5 Qd7 21.
Qe4 Rb8 22. Qc4 Rf6 1/2-1/2

[Event "5. ODEM U25 2008"]
[Site "Willingen GER"]
[Date "2008.05.13"]
[Round "4"]
[White "Huynh, Nhi Lang"]
[Black "Schwarzat, Julian"]
[Result "1/2-1/2"]
[Termination "normal"]
[Board "9"]
[WhiteElo "1778"]
[BlackElo "1963"]
[PlyCount "50"]
[WhiteFideId "24669180"]
[BlackFideId "24675857"]
[EventCountry "GER"]
[EventRounds "9"]
[EventType "swiss"]
[EventDate "2008.05.10"]

1. d4 Nf6 2. c4 e6 3. Nc3 Bb4 4. Qc2 c5 5. dxc5 Bxc5 6. Nf3 Nc6 7. Bg5 h6 8.
Bh4 O-O 9. e3 b6 10. a3 a5 11. Be2 Ne7 12. Bxf6 gxf6 13. Ne4 Ng6 14. h4 f5 15.
Nxc5 bxc5 16. h5 Ne7 17. e4 Bb7 18. exf5 Nxf5 19. Bd3 Nd4 20. Nxd4 cxd4 21. Rh3
Qf6 22. Rg3+ Kh8 23. Qd2 Bc6 24. Bg6 Kg7 25. Be4+ Kh8 1/2-1/2

[Event "5. ODEM U25 2008"]
[Site "Willingen GER"]
[Date "2008.05.13"]
[Round "4"]
[White "Lantzsch, Christian"]
[Black "Windjäger, Gerd"]
[Result "1-0"]
[Termination "normal"]
[Board "10"]
[WhiteElo "2218"]
[BlackElo "1535"]
[PlyCount "67"]
[WhiteFideId "4659821"]
[EventCountry "GER"]
[EventRounds "9"]
[EventType "swiss"]
[EventDate "2008.05.10"]

1. d4 f5 2. Bg5 Nf6 3. Bxf6 exf6 4. e3 c6 5. Bd3 d5 6. h4 Qc7 7. Qf3 Bd6 8.
Bxf5 Bxf5 9. Qxf5 Nd7 10. Nd2 O-O-O 11. O-O-O g6 12. Qd3 f5 13. c4 Nf6 14. cxd5
Nxd5 15. Ne2 Kb8 16. Kb1 Rhe8 17. Rc1 Nf6 18. Nc3 Qf7 19. Qc2 c5 20. dxc5 Bxc5
21. Nb5 Rc8 22. Qa4 Qe7 23. Nb3 Qe4+ 24. Qxe4 Nxe4 25. Nxc5 Rxc5 26. Rxc5 Nxc5
27. Nc3 Rd8 28. Kc2 a6 29. h5 g5 30. h6 b5 31. Rh5 b4 32. Ne2 Ne4 33. Nd4 Nxf2
34. Nc6+ 1-0

[Event "5. ODEM U25 2008"]
[Site "Willingen GER"]
[Date "2008.05.13"]
[Round "4"]
[White "Geshnizjani, Ramin Tobias"]
[Black "Zimmerer, David"]
[Result "1-0"]
[Termination "normal"]
[Board "11"]
[WhiteElo "2039"]
[BlackElo "1808"]
[PlyCount "113"]
[WhiteFideId "24633089"]
[BlackFideId "4620224"]
[EventCountry "GER"]
[EventRounds "9"]
[EventType "swiss"]
[EventDate "2008.05.10"]

1. e4 c5 2. Nf3 e6 3. d4 cxd4 4. Nxd4 a6 5. Bd3 Nf6 6. O-O Qc7 7. Nc3 Nc6 8.
Be3 b5 9. Qe2 Bb7 10. f4 Nxd4 11. Bxd4 Bc5 12. Bxc5 Qxc5+ 13. Kh1 b4 14. Nb1 a5
15. Nd2 d5 16. e5 Nd7 17. Rae1 Qd4 18. f5 O-O-O 19. c3 Qb6 20. cxb4 Qxb4 21.
Ba6 Kb8 22. a3 Qb6 23. Bxb7 Qxb7 24. Rf3 Ka8 25. Rb3 Qa7 26. Rb5 Rb8 27. b4
Rxb5 28. Qxb5 Rb8 29. Qc6+ Qb7 30. Qd6 a4 31. fxe6 fxe6 32. Nf3 Nf8 33. Rc1 Rc8
34. Rc5 Rxc5 35. Qxc5 Qb8 36. Nd4 Nd7 37. Qc6+ Qb7 38. Qxe6 Nb6 39. Nc6 Qa6 40.
Qe8+ Kb7 41. Na5+ Kc7 42. Qc6+ Kb8 43. Kg1 Ka7 44. e6 Nc8 45. e7 Nxe7 46. Qc7+
Ka8 47. Qxe7 Qb6+ 48. Qc5 Qxc5+ 49. bxc5 Ka7 50. Nc6+ Kb7 51. Nd4 Kc7 52. Kf2
g5 53. Kf3 h5 54. h4 gxh4 55. Kf4 h3 56. gxh3 h4 57. Kg4 1-0

[Event "5. ODEM U25 2008"]
[Site "Willingen GER"]
[Date "2008.05.13"]
[Round "4"]
[White "Ludwig, Sebastian"]
[Black "Werner, Patrick"]
[Result "0-1"]
[Termination "normal"]
[Board "12"]
[WhiteElo "2036"]
[BlackElo "1754"]
[PlyCount "78"]
[WhiteFideId "4692780"]
[BlackFideId "24601608"]
[EventCountry "GER"]
[EventRounds "9"]
[EventType "swiss"]
[EventDate "2008.05.10"]

1. e4 g6 2. d4 Bg7 3. c3 d6 4. Nf3 Nf6 5. Bd3 O-O 6. O-O Nc6 7. Bf4 Nh5 8. Bg5
h6 9. Bh4 Nf4 10. Bc2 g5 11. Bg3 e5 12. dxe5 dxe5 13. Bxf4 exf4 14. Qe2 g4 15.
Nfd2 Qg5 16. f3 g3 17. h3 Nd4 18. Qd1 Qh4 19. Re1 Bxh3 20. gxh3 Qxh3 21. Nf1
Rad8 22. Nbd2 Bf6 23. e5 g2 24. Nh2 Bh4 25. cxd4 Bg3 26. Ndf1 gxf1=Q+ 27. Nxf1
Bxe1 28. Qd3 f5 29. exf6 Bf2+ 30. Kxf2 Qh4+ 31. Ke2 Rfe8+ 32. Kd2 Qxf6 33. Kc3
Rd6 34. Nd2 Re3 35. Nb3 c5 36. Rg1+ Kf8 37. Rg6 Rxd3+ 38. Bxd3 cxd4+ 39. Kc4
Qf7+ 0-1

[Event "5. ODEM U25 2008"]
[Site "Willingen GER"]
[Date "2008.05.13"]
[Round "4"]
[White "Ohnesorg, Felix"]
[Black "Kunze, Christopher"]
[Result "0-1"]
[Termination "normal"]
[Board "13"]
[WhiteElo "1711"]
[BlackElo "1942"]
[PlyCount "50"]
[WhiteFideId "24653578"]
[BlackFideId "4647998"]
[EventCountry "GER"]
[EventRounds "9"]
[EventType "swiss"]
[EventDate "2008.05.10"]

1. d4 d5 2. c4 e6 3. Nc3 Nf6 4. Nf3 c6 5. Bg5 Be7 6. e3 Nbd7 7. Rc1 O-O 8. cxd5
exd5 9. Bd3 h6 10. Bh4 Ne4 11. Bxe7 Qxe7 12. O-O f5 13. Re1 Kh8 14. Nd2 Ndf6
15. f3 Nxd2 16. Qxd2 Bd7 17. e4 fxe4 18. fxe4 dxe4 19. Bxe4 Qd6 20. Bf3 Rad8
21. Rcd1 Bg4 22. Re3 Bxf3 23. Rxf3 Ng4 24. Rg3 Rf4 25. d5 Qc5+ 0-1

[Event "5. ODEM U25 2008"]
[Site "Willingen GER"]
[Date "2008.05.13"]
[Round "4"]
[White "Ludwig, Jan"]
[Black "Neumair, Cedric"]
[Result "0-1"]
[Termination "normal"]
[Board "14"]
[WhiteElo "1957"]
[BlackElo "1844"]
[PlyCount "40"]
[WhiteFideId "24643289"]
[BlackFideId "4698304"]
[EventCountry "GER"]
[EventRounds "9"]
[EventType "swiss"]
[EventDate "2008.05.10"]

1. e4 c5 2. c3 d5 3. exd5 Qxd5 4. d4 Nc6 5. Nf3 Bg4 6. dxc5 Qxd1+ 7. Kxd1 e6 8.
b4 a5 9. Bd2 Nf6 10. Be2 Ne4 11. Be1 axb4 12. cxb4 Be7 13. a4 O-O 14. Kc2 Bf6
15. Ra3 Rfd8 16. a5 Bf5 17. Kc1 Ne7 18. h3 Nd5 19. g3 Rac8 20. Bb5 Nxc5 0-1

[Event "5. ODEM U25 2008"]
[Site "Willingen GER"]
[Date "2008.05.13"]
[Round "4"]
[White "Stahnecker, Wieland"]
[Black "Hinz, Arne"]
[Result "1/2-1/2"]
[Termination "normal"]
[Board "15"]
[WhiteElo "1733"]
[BlackElo "1965"]
[PlyCount "43"]
[WhiteFideId "4694481"]
[BlackFideId "24634875"]
[EventCountry "GER"]
[EventRounds "9"]
[EventType "swiss"]
[EventDate "2008.05.10"]

1. e4 e5 2. Nf3 Nf6 3. Nxe5 d6 4. Nf3 Nxe4 5. d4 d5 6. Bd3 Bd6 7. O-O O-O 8. c4
c6 9. cxd5 cxd5 10. Nc3 Nxc3 11. bxc3 Nd7 12. Rb1 h6 13. Re1 Qc7 14. Bd2 Nf6
15. h3 Bd7 16. Ne5 Rfe8 17. Qf3 Bxe5 18. Rxe5 Rxe5 19. Bf4 Re1+ 20. Rxe1 Qc6
21. Be5 Ne8 22. Rb1 1/2-1/2

[Event "5. ODEM U25 2008"]
[Site "Willingen GER"]
[Date "2008.05.13"]
[Round "4"]
[White "Roitzsch, Philippe"]
[Black "Bergner, Philipp"]
[Result "0-1"]
[Termination "normal"]
[Board "16"]
[WhiteElo "1971"]
[BlackElo "1749"]
[PlyCount "86"]
[WhiteFideId "24635529"]
[BlackFideId "24664839"]
[EventCountry "GER"]
[EventRounds "9"]
[EventType "swiss"]
[EventDate "2008.05.10"]

1. e4 c5 2. c3 Nf6 3. e5 Nd5 4. d4 cxd4 5. Nf3 Nc6 6. Bc4 Nb6 7. Bb3 d5 8. exd6
e6 9. cxd4 Bxd6 10. Nc3 O-O 11. O-O a6 12. Qe2 Re8 13. Ne4 Be7 14. Rd1 Nd5 15.
Bg5 Bxg5 16. Nfxg5 h6 17. Nf3 Nce7 18. Rac1 Bd7 19. Nd6 Bb5 20. Nxb5 axb5 21.
Qxb5 Qd6 22. Qe2 Nf5 23. Ne5 Rec8 24. g4 Rxc1 25. gxf5 Rxd1+ 26. Qxd1 Nf4 27.
fxe6 Nxe6 28. Qh5 Rf8 29. d5 Nf4 30. Qf5 Ne2+ 31. Kf1 Nd4 32. Qe4 Nxb3 33. Nc4
Qxh2 34. axb3 Qh3+ 35. Kg1 Ra8 36. Na3 Qxb3 37. d6 Qd1+ 38. Kg2 Qxd6 39. Qxb7
Rd8 40. Nc4 Qd5+ 41. Qxd5 Rxd5 42. Kf3 Rd4 43. Ne3 Rb4 0-1

[Event "5. ODEM U25 2008"]
[Site "Willingen GER"]
[Date "2008.05.13"]
[Round "4"]
[White "Kunz, André"]
[Black "Thanabalasingam, Ajandhan"]
[Result "0-1"]
[Termination "normal"]
[Board "17"]
[WhiteElo "1915"]
[BlackElo "1723"]
[PlyCount "56"]
[WhiteFideId "24623652"]
[BlackFideId "24601659"]
[EventCountry "GER"]
[EventRounds "9"]
[EventType "swiss"]
[EventDate "2008.05.10"]

1. e4 c5 2. Nf3 d6 3. Bc4 Nf6 4. d3 a6 5. c3 b5 6. Bb3 e6 7. Bg5 Be7 8. O-O O-O
9. Nbd2 Nc6 10. Ne1 a5 11. f4 b4 12. Nef3 bxc3 13. bxc3 Ba6 14. Bc2 Rb8 15. Rb1
Rxb1 16. Qxb1 Qc7 17. Ba4 Rb8 18. Qc2 Ng4 19. Re1 Bxg5 20. Nxg5 Ne7 21. Bb3 d5
22. e5 c4 23. d4 cxb3 24. Qxh7+ Kf8 25. Qh8+ Ng8 26. f5 Qxc3 27. Nh7+ Ke7 28.
Qxg7 Qxd4+ 0-1

[Event "5. ODEM U25 2008"]
[Site "Willingen GER"]
[Date "2008.05.13"]
[Round "4"]
[White "Arps, Jan-Philipp"]
[Black "Durmisi, Valon"]
[Result "0-1"]
[Termination "normal"]
[Board "18"]
[WhiteElo "2027"]
[BlackElo "1689"]
[PlyCount "64"]
[WhiteFideId "24645680"]
[EventCountry "GER"]
[EventRounds "9"]
[EventType "swiss"]
[EventDate "2008.05.10"]

1. e4 Nf6 2. e5 Nd5 3. c4 Nb6 4. d4 d6 5. exd6 cxd6 6. Nc3 g6 7. Be3 Bg7 8. Rc1
O-O 9. Be2 e6 10. b4 Nc6 11. a3 Ne7 12. f4 Bd7 13. Nf3 Rc8 14. Qb3 Nf5 15. Bf2
Bc6 16. c5 dxc5 17. dxc5 Nd5 18. Nxd5 Bxd5 19. Qb1 Qc7 20. Bg3 Bh6 21. O-O Bxf4
22. Bxf4 Qxf4 23. Kh1 Ne3 24. g3 Qh6 25. Rf2 Ng4 26. Rg2 Qe3 27. Rf1 Qxa3 28.
Rgg1 Ne5 29. Kg2 Qe3 30. Qd1 Rcd8 31. Qe1 Bxf3+ 32. Bxf3 Rd2+ 0-1

[Event "5. ODEM U25 2008"]
[Site "Willingen GER"]
[Date "2008.05.13"]
[Round "4"]
[White "Jorczik, Andreas"]
[Black "Seyrich, Maximilian"]
[Result "1/2-1/2"]
[Termination "normal"]
[Board "19"]
[WhiteElo "1820"]
[BlackElo "1943"]
[PlyCount "149"]
[WhiteFideId "24634921"]
[BlackFideId "24622427"]
[EventCountry "GER"]
[EventRounds "9"]
[EventType "swiss"]
[EventDate "2008.05.10"]

1. d4 Nf6 2. c4 e6 3. Nc3 Bb4 4. Bg5 h6 5. Bh4 c5 6. e3 O-O 7. Nf3 b6 8. Qc2
Bb7 9. Bd3 cxd4 10. exd4 Bxf3 11. gxf3 Nc6 12. O-O-O Nxd4 13. Bh7+ Nxh7 14.
Rxd4 Be7 15. Bg3 Bf6 16. Rd6 Be7 17. Rd4 Rc8 18. Qa4 d5 19. cxd5 Bf6 20. Rd3
Bxc3 21. bxc3 exd5 22. Rhd1 Qf6 23. Kb2 Rfe8 24. R1d2 Ng5 25. Qf4 Qc6 26. Qd6
Qb5+ 27. Qb4 Qc4 28. h4 a5 29. Qb3 Ne6 30. Rxd5 Qa6 31. Qb5 Qxb5+ 32. Rxb5 Nc5
33. Ka3 Re6 34. Rd6 Rc6 35. Rxc6 Rxc6 36. Be5 Nd7 37. Bd4 f6 38. Rd5 Nc5 39.
Bxc5 bxc5 40. Ka4 Re6 41. Rd2 g5 42. h5 Rb6 43. Kxa5 Rb8 44. a4 Rb3 45. Rc2 Kf7
46. Ka6 Ke6 47. a5 Kd5 48. Rd2+ Kc6 49. Re2 Kd7 50. Rd2+ Kc6 51. Re2 Kd7 52.
Re3 Kd6 53. Ka7 c4 54. a6 Kd7 55. Ka8 f5 56. f4 gxf4 57. Rf3 Ke6 58. Rxf4 Rxc3
59. Kb7 Rb3+ 60. Kc6 Ra3 61. Kb5 c3 62. Rc4 Kd5 63. Kb4 Rxa6 64. Rxc3 Rb6+ 65.
Ka3 Ke4 66. Rg3 Ke5 67. f3 f4 68. Rg4 Kf5 69. Rh4 Re6 70. Kb2 Re3 71. Rh3 Kg5
72. Kc2 Re2+ 73. Kd3 Re3+ 74. Kd2 Re6 75. Kd3 1/2-1/2